[Event "CZE-tht Extraliga 2018-19"]
[Site "Czech Republic"]
[Date "2019.01.12"]
[Round "5"]
[White "Harikrishna, Pentala"]
[Black "Balogh, Csaba"]
[Result "1/2-1/2"]
[WhiteElo "2730"]
[BlackElo "2632"]
[Annotator "TA"]
[PlyCount "180"]
[EventDate "2018.11.03"]
[EventType "team-tourn"]
[EventCountry "CZE"]
[SourceTitle "playchess.com"]
[Source "ChessBase"]
[SourceQuality "1"]
[WhiteTeam "Novoborsky"]
[BlackTeam "Brno"]

{[%evp 26,179,11,0,37,33,35,32,55,51,71,63,82,87,114,119,133,116,111,94,94,106,141,139,129,135,168,111,113,80,83,40,32,37,213,229,232,229,140,-76,-66,-189,-188,-189,-189,-189,-189,-189,-189,-189,-189,-211,-211,-211,-211,-211,-211,-211,-204,-204,-204,-204,-204,-204,-170,-204,-204,-192,-183,-211,-211,-211,-211,-211,-204,-204,-204,-200,-193,-204,-204,-204,-204,-356,-356,-772,-772,-764,-703,-695,-688,-688,-681,-601,-356,-356,-356,-356,-356,-2766,-2705,-3562,-3857,-646,-614,-3641,-3562,-1081,-206,-29949,-29947,-6762,-6332,-5844,-5602,-1749,-623,-618,-507,-182,-96,-96,-84,-29981,-29982,-29982,-40,-40,-40,-40,-40,-40,-40,-40,-40,-40,-40,-40,-40,-40,-40,-40,-40,-40,-40,-40,-40,-40,-40,-40,-40,-40,-40,-40,-40,-40]} 1. e4 e5 2. Nf3 Nc6 3. Bb5 Nf6 4. O-O Nxe4 5. Re1 Nd6 6. Nxe5 Be7 7. Bf1 Nxe5 8. Rxe5 O-O 9. d4 {[%cal Bd2d4,Bd4d5][%mdl 32]} Bf6 10. Re1 Re8 {C67: Ruy Lopez: Berlin Defence: 4 0-0 Nxe4} 11. Rxe8+ Nxe8 12. d5 d6 13. Nd2 Bf5 14. Nc4 {LiveBook: 4 Games} c6 15. c3 {[#]} Be4 $146 ({Predecessor:} 15... Rc8 16. Bf4 cxd5 17. Ne3 Be6 18. Nxd5 {½-½ (49) Giri,A (2782)-Anand,V (2759) Leuven 2018}) 16. dxc6 bxc6 17. Qa4 d5 18. Nd2 ({Avoid the trap} 18. Qxc6 $2 Rc8 $19) 18... Bg6 19. Nb3 c5 20. Nxc5 d4 21. cxd4 Qxd4 22. Qc6 Rd8 23. Be3 Qxb2 {[#]} 24. Rd1 $1 {[%mdl 512] Threatening mate with Rxd8.} Qb6 (24... Rxd1 25. Qxe8#) 25. Qa4 Ra8 26. Rd7 (26. Nd7 $1 $18 {[%cal Rd7b6]} Qe6 27. Bc4) 26... a5 $16 27. h3 h6 28. Rb7 {[%cal Bd7b7,Bb7b6,Bb6g6][%mdl 32]} Qd6 29. Nd7 Bc3 $2 ({Black should try} 29... Qd5 $14 30. Nxf6+ Nxf6) 30. Rb6 $1 $18 {[%cal Rb6d6]} Qc7 31. Rxg6 $1 fxg6 32. Nb6 $2 (32. Bc4+ $16 {keeps the pressure on.} Kh8 33. Nb6) 32... Rd8 $17 33. Qb3+ ({Better is} 33. Nc4 $15) 33... Kh7 $1 $19 34. Nd5 {[#]} a4 $1 {[%cal Ra4b3]} 35. Qb5 (35. Qxa4 Rxd5) 35... Qe5 36. Nxc3 Qxc3 37. Qxa4 Qa1 38. g3 Rd1 39. Qa6 Nc7 40. Qc4 Nd5 41. Bc5 Rc1 42. Qxd5 Rxf1+ {[%mdl 4096] Endgame KQR-KQB} 43. Kh2 Rd1 44. Qf3 Rc1 45. Be3 Rc2 46. h4 Qxa2 47. Kg2 Qe6 48. Bd4 Rc4 49. Be3 Qf5 50. Bf4 Rb4 51. Be3 Rb1 52. Qxf5 gxf5 {KR-KB} 53. h5 Kg8 54. f3 $2 (54. Bd4 {keeps fighting.}) 54... Rb2+ 55. Bf2 $2 (55. Kg1) 55... Kf7 56. Kf1 Ra2 57. Kg1 Rd2 58. Be3 Re2 59. Bd4 Rc2 60. Be5 g6 61. hxg6+ Kxg6 62. Kf1 $2 (62. g4) 62... h5 63. Bf4 Kf6 64. Be3 Ke5 65. Ba7 Kd5 66. Be3 Kc4 $2 (66... Ra2 67. Bf4 Kd4) 67. Bb6 $2 (67. Bf4 $19) 67... Kd3 $1 68. Ba7 Rc7 69. Bb6 Rc6 70. Ba7 Rg6 (70... Rc4 $142 71. Bb6 h4 72. gxh4 Rxh4) 71. Kf2 Rg8 72. Bc5 {[#]} f4 $1 73. gxf4 $17 h4 74. f5 $2 {[%mdl 8192]} (74. Be7 $17) 74... h3 75. f6 {[#]} h2 $2 (75... Rg2+ $1 {mates} 76. Kf1 Rg3 77. Kf2 {[#]} h2 $1 {[%mdl 512]} 78. Kxg3 h1=Q 79. Be7 Kd4 80. Kg4 Qh7 81. Kf4 Kd5 82. Kg3 Ke5 83. Kf2 Qg8 84. Bc5 Kxf6 85. Be3 Qa2+ 86. Kg3 Qb2 87. Bf2 Qe5+ 88. Kg2 Qg5+ 89. Kf1 Qd2 90. Bh4+ Ke5 91. Bg3+ Kf5 92. Bb8 Qc1+ 93. Ke2 Qb2+ 94. Kd3 Qxb8 95. Kc4 Qb6 96. Kd5 Kf4 97. Kc4 Kxf3 98. Kd5 Kf4 99. Kc4 Ke4 100. Kc3 Qb5 101. Kc2 Qb4 102. Kd1 Kd3 103. Kc1 Qb6 104. Kd1 Qg1#) 76. f7 $15 {Black is slightly better.} Rh8 77. f8=Q Rxf8 78. Kg2 Rh8 79. Kh1 Ke2 80. Bd6 Kf2 81. Bc5+ Kg3 {( -> ...Rd8)} 82. Bd6+ Kh3 83. Bxh2 Rd8 84. f4 Rd1+ 85. Bg1 Kg3 86. f5 Rf1 87. f6 Kh3 88. f7 Rxf7 89. Bh2 Rf1+ 90. Bg1 Re1 $2 {[%mdl 8192] Accuracy: White = 52%, Black = 71%.} (90... Rf4) 1/2-1/2

[Event "CZE-tht Extraliga 2018-19"]
[Site "Czech Republic"]
[Date "2019.01.12"]
[Round "5"]
[White "Laznicka, Viktor"]
[Black "Tazbir, Marcin"]
[Result "1/2-1/2"]
[WhiteElo "2675"]
[BlackElo "2532"]
[Annotator "TA"]
[PlyCount "45"]
[EventDate "2018.11.03"]
[EventType "team-tourn"]
[EventCountry "CZE"]
[SourceTitle "playchess.com"]
[Source "ChessBase"]
[SourceQuality "1"]
[WhiteTeam "Novoborsky"]
[BlackTeam "Brno"]

{[%evp 19,45,19,19,25,20,0,0,-18,-14,-25,-22,-31,-25,-39,0,-35,-14,-48,-43,-31,-33,-54,-54,-84,-63,-69,-58,-51]} 1. d4 Nf6 2. Nf3 d5 3. c4 dxc4 4. e3 a6 5. Bxc4 b5 6. Be2 {D25: Queen's Gambit Accepted: 4 e3: sidelines and 4...Bg4} Bb7 7. O-O Nbd7 (7... e6 8. a4 b4 9. b3 Nbd7 10. Bb2 Be7 11. Nbd2 c5 12. Rc1 Rc8 13. dxc5 Rxc5 14. Rxc5 Nxc5 15. Qc2 O-O 16. Bxf6 gxf6 17. Nd4 f5 18. Bf3 Bxf3 19. N2xf3 Qd5 {½-½ (42) Yu,Y (2765)-Idani,P (2589) Batumi 2018}) 8. a4 b4 9. a5 e6 10. Nbd2 Be7 {LiveBook: 5 Games} 11. Nc4 O-O 12. Qa4 c5 13. Rd1 Qc7 14. Bd2 $146 ({Predecessor:} 14. dxc5 Bxc5 15. Bd2 {1-0 (40) Arkell,K (2430)-Murshed,N (2475) London 1988}) 14... Bc6 15. Qa2 Qb7 16. Rac1 Rfd8 17. Be1 Bd5 18. b3 Rac8 19. Qb2 h6 20. dxc5 Rxc5 21. Ra1 Rb8 22. Rdc1 Rcc8 23. Qc2 {Accuracy: White = 28%, Black = 70%.} 1/2-1/2

[Event "CZE-tht Extraliga 2018-19"]
[Site "Czech Republic"]
[Date "2019.01.12"]
[Round "5"]
[White "Nabaty, Tamir"]
[Black "Rodshtein, Maxim"]
[Result "0-1"]
[WhiteElo "2670"]
[BlackElo "2675"]
[Annotator "TA"]
[PlyCount "120"]
[EventDate "2018.11.03"]
[EventType "team-tourn"]
[EventCountry "CZE"]
[SourceTitle "playchess.com"]
[Source "ChessBase"]
[SourceQuality "1"]
[WhiteTeam "Lysa nad Labem"]
[BlackTeam "Turnov"]

{[%evp 18,120,0,0,31,20,31,23,43,0,8,0,0,-13,68,66,69,65,64,40,36,24,49,17,45,-19,13,14,30,-2,-20,-108,-18,-18,-16,-16,-12,-16,-12,-19,-27,-129,-131,-127,-131,-119,-114,-130,-121,-125,-124,-112,-112,-133,-137,-157,-159,-204,-106,-209,-200,-193,-201,-184,-189,-180,-164,-399,-345,-481,-574,-487,-563,-521,-460,-1224,-1215,-1217,-1175,-984,-912,-1047,-1047,-2102,-1750,-4333,-3416,-12820,-9043,-5620,-3908,-29978,-29980,-29980,-29981,-29980,-29982,-29986,-29987,-29987,-29982,-29984,-29985,-29987,-29983]} 1. d4 Nf6 2. Bf4 g6 3. Nc3 d5 (3... c5 4. dxc5 Qa5 5. a3 Qxc5 6. e4 Bg7 7. Nf3 d6 8. h3 O-O 9. Qd2 b6 10. O-O-O Bb7 11. Be3 {1-0 (48) Nabaty,T (2692)-Almasi,Z (2702) Batumi 2018}) 4. e3 Bg7 5. h4 c6 6. Be2 {A45: Trompowsky Attack} h5 7. Nf3 Bg4 8. Ne5 Bxe2 9. Qxe2 Nbd7 $146 10. O-O-O {LiveBook: 8 Games} Rc8 11. f3 b5 {[%cal Bb7b5,Bb5b4][%mdl 32]} 12. Kb1 Nb6 {With the idea ...b4.} 13. Qd3 Nfd7 14. e4 b4 15. Ne2 dxe4 ({Black should try} 15... Nxe5 $11 16. dxe5 (16. Bxe5 Bxe5 17. dxe5 e6 $11) 16... e6) 16. Qxe4 Nf6 17. Qd3 $1 Qd5 18. c4 bxc3 $1 19. Nxc3 Qe6 20. Rde1 {Nxg6 is the strong threat.} Nfd5 21. Bd2 (21. Nxd5 $14 Nxd5 22. Bh2) 21... Nxc3+ 22. Bxc3 (22. bxc3 O-O $15) 22... Nd5 {[%cal Bb6d5,Bd5b4,Bb4d3,Bd3e1][%mdl 32]} 23. Re4 O-O 24. Rhe1 (24. g4 $11) 24... c5 (24... f5 $1 $17 {[%cal Rf5e4]} 25. R4e2 Nf4 {[%mdl 64] Double Attack}) 25. dxc5 $11 Rxc5 26. Bd4 Nb4 {[%csl Gb4][%cal Re6a2]} 27. Qa3 {[%mdl 64] Double Attack} Rb5 {Hoping for ...Rc8.} 28. Nd3 Qc4 {[%mdl 64] Double Attack} 29. Bxg7 (29. Nxb4 $1 $11 Bxd4 30. Rd1 Rxb4 31. Rexd4 Qxd4 32. Rxd4 Rxd4 33. Qxe7) 29... Qc2+ $1 $17 {[%mdl 64] Double Attack} 30. Ka1 Nxd3 31. Bxf8 Nxe1 $40 {[%mdl 128] Black goes for the king.} 32. Rxe1 Rd5 $1 {[%cal Rd5d1] ( -> ...Rd1+)} ({Reject} 32... Kxf8 $6 33. Qxe7+ Kg7 34. Qe2 $11) 33. Qb3 Qxb3 34. axb3 Kxf8 {[%mdl 4096] Endgame KR-KR} 35. Re4 Rd2 36. Ra4 Rxg2 37. Rxa7 Rf2 (37... Ke8 $19 38. Ra8+ Kd7 39. Ra7+ Ke6 40. Ra6+ Kf5) 38. Ra8+ (38. b4 $17) 38... Kg7 $19 39. b4 Rxf3 40. Ka2 {[#]} g5 $1 {[%mdl 512]} 41. hxg5 h4 42. b5 $2 (42. Rc8) 42... Rf5 {[%mdl 64] Double Attack} 43. b6 {[#] aiming for b7.} Rb5 $1 {[%cal Rb5b6]} 44. Ra4 {[#]} Kg6 $1 45. Rxh4 {next Ka3 is good for White.} Kxg5 46. Re4 (46. Rh7 $142 Kg6 47. Rh3 Rxb6 48. Rg3+ Kf5 49. Rf3+ Ke6 50. Re3+ Kf6 51. Rf3+ Kg6 52. Rg3+ Kf5 53. Rf3+ Ke6 54. Re3+ Kf6 55. Rf3+ Kg6 56. Rg3+) 46... e6 {[%cal Be7e6,Be6e5,Be5e4,Be4e3,Be3e2][%mdl 32]} 47. b4 Rxb6 48. Kb3 f5 {[%cal Bf7f5,Bf5f4][%mdl 32]} 49. Re1 f4 50. Kc4 Kf5 51. b5 e5 52. Rb1 e4 53. Kd4 Rd6+ 54. Kc3 e3 {Black mates.} 55. b6 e2 56. b7 Rd8 57. Ra1 f3 58. Kc2 Kf4 59. Ra4+ Kg3 60. Ra1 Kf2 {Accuracy: White = 29%, Black = 67%.} 0-1

[Event "CZE-tht Extraliga 2018-19"]
[Site "Czech Republic"]
[Date "2019.01.12"]
[Round "5"]
[White "Movsesian, Sergei"]
[Black "Vavra, Pavel"]
[Result "1/2-1/2"]
[WhiteElo "2629"]
[BlackElo "2350"]
[Annotator "TA"]
[PlyCount "96"]
[EventDate "2018.11.03"]
[EventType "team-tourn"]
[EventCountry "CZE"]
[SourceTitle "playchess.com"]
[Source "ChessBase"]
[SourceQuality "1"]
[WhiteTeam "Pardubice"]
[BlackTeam "Siesta B"]

{[%evp 14,96,14,8,1,5,13,13,12,10,0,15,22,0,0,0,5,-9,16,5,6,6,13,8,2,0,0,0,0,0,0,0,0,0,0,0,5,0,0,0,12,0,14,6,31,10,14,9,48,64,59,60,47,0,10,-18,0,0,0,0,0,0,0,0,0,0,0,0,0,0,0,0,0,0,0,0,0,0,0,0,0,0,0,0,0]} 1. Nf3 d5 2. g3 e6 3. Bg2 b5 (3... Nf6 4. O-O Be7 5. b3 O-O 6. Bb2 c5 7. e3 Nc6 8. c4 d4 9. exd4 cxd4 10. d3 e5 11. a3 a5 12. Nbd2 Bf5 13. Re1 Nd7 14. Ne4 Bg6 15. h4 h6 16. Rc1 f5 17. Ned2 Nc5 18. Nxe5 Nxe5 19. Rxe5 Nxd3 {1-0 (32) Vachier Lagrave,M (2779)-Dominguez Perez,L (2739) chess.com INT 2018}) 4. O-O Nf6 5. d3 Be7 6. c4 {A07: Réti Opening: New York and Capablanca Systems} c6 7. Nbd2 O-O 8. b3 {LiveBook: 3 Games} a5 9. e4 Ba6 10. Bb2 $146 ({Predecessor:} 10. Re1 dxc4 11. dxc4 {½-½ (28) Akesson,R (2418)-Hillarp Persson,T (2539) Sweden 2015}) 10... a4 11. Rc1 axb3 12. axb3 dxc4 13. e5 Nd5 14. dxc4 Nb4 15. Ra1 Bb7 16. Rxa8 Bxa8 17. Nd4 Nd7 18. Bc3 bxc4 19. Nxc4 Nd5 20. Ba1 Qb8 21. h4 c5 22. Nf5 exf5 23. Bxd5 Bxd5 24. Qxd5 Nb6 25. Qf3 Nxc4 26. bxc4 Qb4 27. Rc1 Qd2 28. Rd1 Qc2 29. Bc3 {[#] Strongly threatening Rd7.} Rb8 30. Kg2 Qe4 (30... Bf8 {keeps more tension.} 31. Rd2 Qc1 32. Re2 Qd1 33. Rb2 Qxf3+ 34. Kxf3 Rxb2 35. Bxb2 Be7) 31. Qxe4 fxe4 $14 {[%mdl 4096] Endgame KRB-KRB} 32. Re1 Rb3 33. Re3 h5 {The position is equal.} 34. Kf1 f5 35. exf6 Bxf6 36. Bd2 Rb2 37. Ke1 Bd4 38. Rxe4 Bxf2+ 39. Kxf2 Rxd2+ $11 {KR-KR} 40. Ke3 Rc2 41. Kd3 Rg2 42. Re3 Kf7 43. Ke4 {And now Kd5 would win.} Rd2 44. Ke5 Rd4 45. Rf3+ Kg6 46. Rf4 Rd3 47. g4 hxg4 48. Rxg4+ Kh6 {Accuracy: White = 65%, Black = 63%.} 1/2-1/2

[Event "CZE-tht Extraliga 2018-19"]
[Site "Czech Republic"]
[Date "2019.01.12"]
[Round "5"]
[White "Bartel, Mateusz"]
[Black "Blatny, Pavel"]
[Result "1-0"]
[WhiteElo "2608"]
[BlackElo "2335"]
[Annotator "TA"]
[PlyCount "61"]
[EventDate "2018.11.03"]
[EventType "team-tourn"]
[EventCountry "CZE"]
[SourceTitle "playchess.com"]
[Source "ChessBase"]
[SourceQuality "1"]
[WhiteTeam "Novoborsky"]
[BlackTeam "Brno"]

{[%evp 11,61,50,68,62,65,70,51,-55,-52,-62,-51,-47,-43,-40,-47,-47,-47,-41,0,0,81,66,66,68,90,84,95,83,73,77,74,75,116,110,150,163,593,531,639,638,566,628,574,564,1092,1056,1170,1086,29994,29995,29995,29996]} 1. e4 e5 2. Nf3 Nc6 3. Bb5 Nge7 {[%cal Bg8e7,Be7g6,Bg6f4][%mdl 32]} 4. Nc3 a6 5. Bc4 Ng6 6. h4 {[%cal Bh2h4,Bh4h5][%mdl 32] C60: Ruy Lopez: Unusual Black 3rd moves and 3...g6} h6 {LiveBook: 3 Games} (6... Na5 7. Bf1 d6 8. h5 Ne7 9. d4 Bg4 10. h6 Nec6 11. d5 Nd4 12. Be3 c5 13. hxg7 Bxg7 {0-1 (29) Jaracz,P (2548)-Erdos,V (2640) Warsaw 2012}) 7. h5 $1 {[%cal Rh5g6]} Nf4 8. d4 {White is slightly better.} exd4 9. Nd5 $146 ({Better is} 9. Nxd4 $14 Ne6 10. Nxc6 bxc6 11. Qd3) ({Predecessor:} 9. Bxf4 dxc3 10. bxc3 d6 11. Rb1 Be7 12. Nd4 Bf6 {1-0 (48) El Taher,F (2535)-Breckenridge,S (2381) Sharjah 2014}) 9... Ne6 $1 $15 10. O-O b5 11. Bd3 Bb7 12. a4 b4 13. Re1 Bc5 14. e5 Qc8 15. Nh4 Ne7 (15... Qb8 $1 $11 {remains equal.}) 16. Nxe7 $16 Bxe7 17. Nf5 Bd5 18. Qg4 Qb7 19. Nxe7 (19. Nxg7+ $6 Nxg7 20. Qxg7 O-O-O $11) 19... Kxe7 20. f4 {[%cal Bf2f4,Bf4f5][%mdl 32]} Nc5 {[#]} 21. f5 $1 {[%cal Rf5f6] Black must now prevent f6+!} (21. Qxg7 Rhg8 $17) 21... Nxd3 22. cxd3 c5 23. Bf4 {And now f6+! would win.} ({Stronger than} 23. Qxg7 Rag8 $15) (23. f6+ gxf6 24. Bxh6 (24. exf6+ Kd6 $16) 24... Rxh6 $11) 23... Rag8 $2 (23... Kf8) 24. Rac1 $18 Qc6 25. Qh4+ Ke8 {[#]} 26. Rxc5 $3 {[%mdl 512]} Qxc5 27. Rc1 Qxc1+ 28. Bxc1 Bc6 29. Qxd4 {Intending Qd6 and mate.} Bxa4 30. Qd6 f6 31. Be3 {Accuracy: White = 84%, Black = 46%.} 1-0

[Event "CZE-tht Extraliga 2018-19"]
[Site "Czech Republic"]
[Date "2019.01.12"]
[Round "5"]
[White "Kempinski, Robert"]
[Black "Zhigalko, Andrey"]
[Result "1-0"]
[WhiteElo "2576"]
[BlackElo "2545"]
[Annotator "TA"]
[PlyCount "69"]
[EventDate "2018.11.03"]
[EventType "team-tourn"]
[EventCountry "CZE"]
[SourceTitle "playchess.com"]
[Source "ChessBase"]
[SourceQuality "1"]
[WhiteTeam "Poruba"]
[BlackTeam "Beskydska"]

{[%evp 13,69,0,0,0,0,0,0,0,0,0,0,0,0,-20,3,-1,1,0,134,23,48,61,68,46,45,45,50,29,43,21,29,22,60,48,164,86,387,375,395,387,470,465,460,470,461,452,430,364,605,603,589,468,463,443,731,730,666,464]} 1. d4 Nf6 2. c4 e6 3. Nc3 Bb4 4. Qc2 O-O 5. Nf3 d6 6. Bd2 b6 {E32: Nimzo-Indian: Classical (4 Qc2): 4...0-0} (6... c5 7. dxc5 Bxc5 8. e3 Nc6 9. a3 a6 10. Bd3 Ba7 11. O-O h6 12. h3 Qe7 13. Rad1 Bd7 14. Rfe1 Rac8 {0-1 (39) Nihal,S (2551)-Jakovenko,D (2749) Ankara 2018}) 7. e4 c5 {LiveBook: 6 Games} 8. Bd3 {And now e5 would win.} cxd4 {The position is equal.} 9. Nxd4 Bc5 $146 ({Predecessor:} 9... Bb7 10. O-O Nbd7 11. f3 Ne5 12. Kh1 Rc8 13. b3 a6 14. a3 {0-1 (30) Wagner,A (2199)-Andreev,E (2383) Germany 2018}) 10. Nb3 Nc6 11. O-O Ba6 12. Nb5 Rc8 13. Rad1 Qe7 14. Bg5 h6 15. Bh4 Bb7 (15... Nb4 $11 {remains equal.} 16. Qe2 Nxd3 17. Qxd3 Bxb5 18. cxb5 Rfd8) 16. Qe2 (16. Nxc5 $16 bxc5 17. Bxf6 Qxf6 18. Nxd6) 16... a6 17. Nxc5 bxc5 18. Bxf6 {[%mdl 64] [#] Overworked Piece} (18. e5 $5 dxe5 {[#]} 19. Nd6 $1 $16 {[%mdl 512]} (19. Bxf6 Qxf6 20. Nd6 Nd4 $15)) 18... Qxf6 19. Nxd6 {[%mdl 64] Threatens to win with e5. Double Attack} Rb8 20. Qe3 Ba8 {next ...Qe5 is good for Black.} 21. Qxc5 {aiming for b3.} Rxb2 22. Qa3 $36 {[%mdl 2048] White has some pressure.} Rfb8 23. c5 Nb4 ({Black should play} 23... Ne5 $14) 24. Bb1 (24. Bc4 $18) 24... Bc6 $2 {[%mdl 8192]} (24... Nc6 $16 {is tougher.}) 25. Nc4 $18 Re2 26. Qg3 Rf8 27. Qb3 (27. Qg4 Rxa2 28. e5 Qg5 $18) 27... a5 28. a3 Na6 29. Qb6 Ba4 30. Rc1 ({Weaker is} 30. Qxa6 Bxd1 31. c6 (31. Nxa5 $2 Rd2 $19) 31... Qd8 $16) 30... e5 $2 (30... Nb8 31. Bd3 (31. Nxa5 Rb2 $16) 31... Ra2) 31. Bd3 {White is clearly winning.} Ra2 32. Qxf6 gxf6 33. Nb6 {[%mdl 64] Discovered Attack} Nc7 (33... Nxc5 $142 34. Rxc5 Rxa3 35. Rxa5 Rxd3 36. Rxa4 Kg7) 34. Nxa4 Rxa3 35. Bc2 {Accuracy: White = 59%, Black = 48%.} 1-0

[Event "CZE-tht Extraliga 2018-19"]
[Site "Czech Republic"]
[Date "2019.01.12"]
[Round "5"]
[White "Azarov, Sergei"]
[Black "Markowski, Tomasz"]
[Result "1/2-1/2"]
[WhiteElo "2575"]
[BlackElo "2546"]
[Annotator "ChessBase"]
[PlyCount "89"]
[EventDate "2018.11.03"]
[EventType "team-tourn"]
[EventCountry "CZE"]
[SourceTitle "playchess.com"]
[Source "ChessBase"]
[SourceQuality "1"]
[WhiteTeam "Beskydska"]
[BlackTeam "Poruba"]
[TimeControl "40/5400+30:1800+30"]

1. e4 c5 2. Nf3 e6 3. d4 cxd4 4. Nxd4 a6 5. Be2 Nf6 6. Nc3 Qc7 7. O-O d6 8. f4 Be7 9. Qe1 O-O 10. Qg3 b5 11. e5 Ne8 12. exd6 Bxd6 13. Ne4 Be7 14. Bf3 Bb7 15. f5 Qxg3 16. hxg3 Bd5 17. fxe6 fxe6 18. Bg5 Ra7 19. Bg4 Rxf1+ 20. Rxf1 Bxg5 21. Nxg5 e5 22. Re1 Nd7 23. Bf3 Bxf3 24. Ngxf3 Nd6 25. Nxe5 Nxe5 26. Rxe5 Nc4 27. Rc5 Rd7 28. Nf3 Rd1+ 29. Kh2 Nxb2 30. Rc8+ Kf7 31. Rc7+ Kf6 32. Rc6+ Kf5 33. Rxa6 Nc4 34. Rc6 Ne3 35. Rc5+ Kf6 36. g4 Nxg4+ 37. Kg3 Ne3 38. Rxb5 Nxc2 39. Rb6+ Ke7 40. a4 Nd4 41. a5 Nxf3 42. gxf3 Ra1 43. a6 Ra5 44. f4 Kf7 45. Kg4 1/2-1/2

[Event "CZE-tht Extraliga 2018-19"]
[Site "Czech Republic"]
[Date "2019.01.12"]
[Round "5"]
[White "Dziuba, Marcin"]
[Black "Molenda, Marcin"]
[Result "1/2-1/2"]
[WhiteElo "2563"]
[BlackElo "2388"]
[Annotator "TA"]
[PlyCount "112"]
[EventDate "2018.11.03"]
[EventType "team-tourn"]
[EventCountry "CZE"]
[SourceTitle "playchess.com"]
[Source "ChessBase"]
[SourceQuality "1"]
[WhiteTeam "Ostrava"]
[BlackTeam "Cesky Tesin"]

{[%evp 22,112,47,20,10,11,22,22,9,-15,-8,-40,-56,-39,0,-37,0,-93,-56,-91,-71,-91,-77,-71,-75,-74,-55,-115,0,-85,-77,-89,-77,-77,-76,-65,-67,-56,0,-86,-68,-95,-99,-105,-102,-115,-69,-78,-66,-80,-41,-41,-52,-44,-39,-39,-35,-43,-43,-43,-35,-35,-35,-60,-59,-62,-62,-62,-43,-62,-62,-62,-60,-61,-61,-61,-49,-66,-66,-66,-66,-66,-66,-70,-70,-70,-70,-70,-70,-70,-70,-70,-70]} 1. Nf3 d5 2. g3 Nf6 3. Bg2 c6 4. O-O Bf5 5. d3 h6 6. c4 e6 7. cxd5 exd5 8. Qb3 {A11: English Opening: 1...c6} Qb6 9. Qc2 Be7 10. Nc3 O-O 11. e4 Bh7 12. Re1 {LiveBook: 4 Games} Na6 13. a3 {[#]} Nc5 $146 ({Predecessor:} 13... dxe4 14. dxe4 Nc5 15. b4 Ncxe4 16. Nxe4 Nxe4 17. Rxe4 {½-½ (30) Edouard,R (2635)-Korneev,O (2581) Monzon 2016}) 14. b4 Ne6 15. Bb2 dxe4 16. dxe4 a5 $1 17. Na4 Qb5 18. Nc3 Qb6 19. bxa5 (19. Na4 $11 Qa7 20. Nc5) 19... Rxa5 20. Qe2 Rfa8 {[%cal Re7a3]} 21. Rab1 Qa7 22. a4 Ng4 {[#] Threatens to win with ...Nxf2!} 23. Rf1 Bf6 24. Bh3 (24. Nd2 $15 Rg5 25. Nb3) 24... Ne5 ({Black should play} 24... h5 $17 25. Bg2 Bg6) 25. Nxe5 (25. Bxe6 $1 $11 fxe6 26. Nxe5 Rxe5 27. Rfd1) 25... Rxe5 $17 26. Kh1 Nc5 {[%cal Rc5e4]} 27. f3 Ree8 {[#] ...Bxc3 is the strong threat.} 28. Bg2 Qa6 29. Qe3 Qc4 ({Better is} 29... Qa5 $15) 30. Rfd1 (30. Rfc1 $1 $11 Nb3 31. Nd5 Qxd5 32. Rd1) 30... Rad8 31. Bf1 Rxd1 32. Rxd1 Qb4 33. Qd2 Qb3 34. Ba1 Bg6 {Strongly threatening ...Rd8.} 35. Rb1 Bxc3 36. Qxc3 {Black is slightly better.} Qxc3 37. Bxc3 Nxe4 38. Re1 Nf2+ 39. Kg2 Rxe1 40. Bxe1 Nd3 41. Bxd3 Bxd3 $15 {[%mdl 4096] Endgame KB-KB} 42. a5 c5 43. Kf2 Kf8 44. Ke3 Bb5 45. Bc3 f6 46. g4 Kf7 47. h4 Ke6 48. f4 Bc6 49. g5 Kf5 50. gxf6 gxf6 51. Bb2 h5 52. Bc3 Ke6 53. Bb2 f5 54. Be5 Kd5 55. Bc3 Kc4 56. Kd2 Be4 {Precision: White = 55%, Black = 65%.} 1/2-1/2

[Event "CZE-tht Extraliga 2018-19"]
[Site "Czech Republic"]
[Date "2019.01.12"]
[Round "5"]
[White "Hracek, Zbynek"]
[Black "Slovak, Kilian"]
[Result "1-0"]
[WhiteElo "2563"]
[BlackElo "2288"]
[Annotator "ChessBase"]
[PlyCount "80"]
[EventDate "2018.11.03"]
[EventType "team-tourn"]
[EventCountry "CZE"]
[SourceTitle "playchess.com"]
[Source "ChessBase"]
[SourceQuality "1"]
[WhiteTeam "Pardubice"]
[BlackTeam "Siesta B"]
[TimeControl "40/5400+30:1800+30"]

1. d4 {[%emt 0:00:00]} Nf6 {[%emt 0:00:00]} 2. c4 {[%emt 0:00:00]} g6 {[%emt 0:00:00]} 3. Nc3 {[%emt 0:00:02]} Bg7 {[%emt 0:00:00]} 4. e4 {[%emt 0:00:10]} d6 {[%emt 0:00:04]} 5. Be2 {[%emt 0:00:43]} O-O {[%emt 0:00:21]} 6. Bg5 {[%emt 0:00:00]} Na6 {[%emt 0:02:00]} 7. Qd2 {[%emt 0:06:02]} e5 {[%emt 0:13:05]} 8. d5 {[%emt 0:00:25]} Nc5 {[%emt 0:07:06]} 9. f3 {[%emt 0:00:15]} a5 {[%emt 0:10:31]} 10. h4 {[%emt 0:13:06]} c6 {[%emt 0:07:41]} 11. g4 {[%emt 0:11:20]} Qb6 {[%emt 0:01:44]} 12. h5 {[%emt 0:10:57]} Qb4 {[%emt 0:06:17]} 13. Nh3 {[%emt 0:07:15]} cxd5 {[%emt 0:02:46]} 14. cxd5 {[%emt 0:03:17]} Bd7 {[%emt 0:03:04]} 15. Nf2 {[%emt 0:01:32]} Rac8 {[%emt 0:12:30]} 16. Nb5 {[%emt 0:09:48]} Bxb5 {[%emt 0:00:33]} 17. Qxb4 {[%emt 0:00:07]} axb4 {[%emt 0:00:52]} 18. Bxb5 {[%emt 0:00:03]} Ra8 {[%emt 0:00:55]} 19. Ke2 {[%emt 0:18:11]} Ra5 {[%emt 0:02:36]} 20. Bc4 {[%emt 0:00:02]} Rfa8 {[%emt 0:03:31]} 21. h6 {[%emt 0:04:53]} Bh8 {[%emt 0:00:08]} 22. Rac1 {[%emt 0:00:04]} Nfd7 {[%emt 0:11:09]} 23. Bd2 {[%emt 0:04:15]} Bf6 {[%emt 0:03:18]} 24. Bxb4 {[%emt 0:01:12]} R5a7 {[%emt 0:01:44]} 25. Bd2 {[%emt 0:04:05]} b5 {[%emt 0:03:04]} 26. Bxb5 {[%emt 0:00:09]} Rxa2 {[%emt 0:00:07]} 27. Bxd7 {[%emt 0:00:08]} Nxd7 {[%emt 0:00:11]} 28. Nd3 {[%emt 0:00:43]} R2a6 {[%emt 0:03:34]} 29. Rc6 {[%emt 0:02:11]} Rxc6 {[%emt 0:03:57]} 30. dxc6 {[%emt 0:00:02]} Nc5 {[%emt 0:00:07]} 31. Nxc5 {[%emt 0:02:14]} dxc5 {[%emt 0:00:01]} 32. b4 {[%emt 0:00:11]} cxb4 {[%emt 0:00:04]} 33. Bxb4 {[%emt 0:00:09]} Rc8 {[%emt 0:02:23]} 34. Rc1 {[%emt 0:02:43]} Bg5 {[%emt 0:00:44]} 35. Rc3 {[%emt 0:00:07]} Bxh6 {[%emt 0:00:20]} 36. c7 {[%emt 0:00:45]} Bf8 {[%emt 0:00:15]} 37. Rd3 {[%emt 0:00:38]} Rxc7 {[%emt 0:00:56]} 38. Rd8 {[%emt 0:00:06]} Rb7 {[%emt 0:00:39]} 39. Bxf8 {[%emt 0:00:15]} f6 {[%emt 0:00:04]} 40. g5 {[%emt 0:00:52]} fxg5 {[%emt 0:00:25]} 1-0